| 000 | 00644nam a2200193Ia 4500 | ||
|---|---|---|---|
| 008 | 151119s9999||||xx |||||||||||||| ||und|| | ||
| 082 | _a928.9144नसरि/आमार | ||
| 082 | _bGKKV30316 | ||
| 100 | _aनसरीन तस्लिमा | ||
| 245 | _aआमर मेयेबेला | ||
| 260 | _aपुणे | ||
| 260 | _bमेहता पब्लीशिग हाउस | ||
| 260 | _c2007 | ||
| 600 | _aनसरीन तस्लिमा | ||
| 630 | _aआमर मेयेबेला | ||
| 700 | _aनसरीन तस्लिमा | ||
| 730 | _aआमर मेयेबेला | ||
| 942 | _cBOOK | ||
| 999 |
_c1082653 _d1082650 |
||